Szczegóły MARC21

Szanse i zagrożenia na rynku łączności w warunkach globalizacji gospodarki /

003 -Nazwa inst., której nr kontr. jest w polu 001 [,]
    • @
    • Nazwa instytucji, której n kontrolny jest w polu 001
    • NUKAT
005 -DATA I CZAS OSTATNIEJ MODYFIKACJI [,]
    • @
    • pole kontrolne
    • 20260429113757.0
020 -Międzynarod. znormalizowany nr książki - ISBN [ , ]
    • a
    • Numer ISBN
    • 8389142228 Find
    • q
    • Dopowiedzenie
    • (oprawa miękka)
040 -Instytucja sporządzająca opis [ , ]
    • a
    • Instytucja, która sporządziła opis (NP)
    • SZCZ U/MŁ
    • b
    • Język katalogowania
    • pol
    • e
    • Zasady katalogowania
    • rda
    • c
    • Instytucja, która sporządziła rekord (NP)
    • SZCZ U/MŁs
041 -Język dokumentu [0, ]
    • a
    • Język tekstu (P)
    • polski
    • a
    • Język tekstu (P)
    • angielski
942 -Rodzaj dokumentu [ , ]
    • c
    • Rodzaj dokumentu
    • Książka
245 -Strefa tytułu i oznaczenia odpowiedzialności [0,0]
    • a
    • Tytuł
    • Szanse i zagrożenia na rynku łączności w warunkach globalizacji gospodarki / Find
    • c
    • Pozostałe elementy strefy tytułu i oznaczenia odpowiedzialności (NP)
    • redaktor naukowy Henryk Babis ; Uniwersytet Szczeciński. Wydział Zarządzania i Ekonomiki Usług. Katedra Ekonomiki i Organizacji Telekomunikacji, Katedra Polityki i Gospodarczej Łączności.
260 -Strefa adresu wydawniczego [ , ]
    • a
    • Miejsce wydania (P)
    • Szczecin :
    • b
    • Nazwa wydawcy (P)
    • Fundacja na rzecz Uniwersytetu Szczecińskiego,
    • c
    • Data wydania (P)
    • 2003.
300 -Strefa opisu fizycznego [ , ]
    • a
    • Określenie formy książki i/lub objętość (NP)
    • 332 strony :
    • b
    • Oznaczenie ilustracji (NP)
    • ilustracje ;
    • c
    • Format (NP)
    • 24 cm.
336 -Typ zawartości [ , ]
    • a
    • Termin opisujący typ zawartości
    • Tekst
    • b
    • Kod określający zawartość
    • txt
    • 2
    • Źródło (terminu i kodu)
    • rdacontent
337 -Typ mediów [ , ]
    • a
    • Tryb odtwarzania
    • Bez urządzenia pośredniczącego
    • b
    • Kod typu mediów
    • n
    • 2
    • Źródło (terminu i kodu)
    • rdamedia
338 -Typ/rodzaj nośnika [ , ]
    • a
    • Hasło opisujące typ nośnika
    • Wolumin
    • b
    • Kod typu nośnika
    • nc
    • 2
    • Źródło (terminu i kodu)
    • rdacarrier
504 -Uwaga dot. bibliogr. załącznikowej [ , ]
    • a
    • Uwaga dot. bibliografii załącznikowej
    • Bibliografia przy niektórych rozdziałach.
536 -Uwaga dot. finansowania książki [ , ]
    • a
    • Tekst uwagi
    • Publikacja została dofinansowana ze środków przeznaczonych na organizację konferencji naukowej przez Komitet Badań Naukowych
546 -Uwaga dot. języka [ , ]
    • a
    • Uwaga dot. języka
    • Część rozdziałów w języku angielskim.
080 -Uniwersalna Klasyfikacja Dziesiętna [ , ]
    • 2
    • Identyfikator wydania tablic
    • UDC-P058
    • a
    • Symbol klasyfikacji
    • 338.47::654
    • b
    • Dopowiedzenie
    • Gospodarcze aspekty telekomunikacji.
    • x
    • Poddział wspólny
    • (438)
    • b
    • Dopowiedzenie
    • (Polska).
    • x
    • Poddział wspólny
    • "1989/..."
    • b
    • Dopowiedzenie
    • Od 1989.
080 -Uniwersalna Klasyfikacja Dziesiętna [ , ]
    • 2
    • Identyfikator wydania tablic
    • UDC-P058
    • a
    • Symbol klasyfikacji
    • 339.92
    • b
    • Dopowiedzenie
    • Międzynarodowa współpraca gospodarcza. Międzynarodowa integracja gospodarcza.
    • x
    • Poddział wspólny
    • (4-67)
    • b
    • Dopowiedzenie
    • (Kraje Unii Europejskiej).
    • x
    • Poddział wspólny
    • "1989/..."
    • b
    • Dopowiedzenie
    • Od 1989.
650 -Hasło przedmiotowe [ ,7]
    • a
    • Hasło przedmiotowe
    • Polityka telekomunikacyjna.
    • 2
    • Źródło terminu
    • kaba
650 -Hasło przedmiotowe [ ,7]
    • a
    • Hasło przedmiotowe
    • Globalizacja
    • y
    • Określnik chronologiczny
    • 21 w.
    • 2
    • Źródło terminu
    • kaba
980 -Symbol UKD [ , ]
    • a
    • UKD
    • 338.47::654(438):339.92(4-67)]"1989/..."
700 -Hasło dodatkowe - nazwa osobowa [1, ]
    • a
    • Nazwa osobowa (NP)
    • Babis, Henryk. Find
    • e
    • Określenie rodzaju współpracy
    • Redakcja
710 -Hasło dodatkowe - nazwa ciała zbiorowego [2, ]
    • a
    • Nazwa ciała zbiorowego lub nazwa geograficzna jako pierwszy element (NP)
    • Fundacja na rzecz Uniwersytetu Szczecińskiego.
    • e
    • Rodzaj współpracy
    • Wydawca
    • 4
    • Kod relacji
    • pbl
710 -Hasło dodatkowe - nazwa ciała zbiorowego [2, ]
    • a
    • Nazwa ciała zbiorowego lub nazwa geograficzna jako pierwszy element (NP)
    • Uniwersytet Szczeciński.
    • b
    • Nazwa jednostki podrzędnej (P)
    • Wydział Zarządzania i Ekonomiki Usług.
    • b
    • Nazwa jednostki podrzędnej (P)
    • Katedra Ekonomiki i Organizacji Telekomunikacji.
    • e
    • Rodzaj współpracy
    • Instytucja sprawcza
710 -Hasło dodatkowe - nazwa ciała zbiorowego [2, ]
    • a
    • Nazwa ciała zbiorowego lub nazwa geograficzna jako pierwszy element (NP)
    • Uniwersytet Szczeciński.
    • b
    • Nazwa jednostki podrzędnej (P)
    • Wydział Zarządzania i Ekonomiki Usług.
    • b
    • Nazwa jednostki podrzędnej (P)
    • Katedra Polityki i Gospodarczej Łączności.
    • e
    • Rodzaj współpracy
    • Instytucja sprawcza
920 -ISBN [ , ]
    • a
    • ISBN
    • 83-89142-22-8 (oprawa miękka) Find
Sygnatura Numer inwentarzowy Status udost. Data inwentaryzacji Lokalizacja
 CDE.181312008-02-06BG
T.8899T.8899-22006-01-04T
 TM.3695-32006-01-04T
 TM.3696-32006-01-04T
 TM.3697-32006-01-04T
 TM.3698-22006-01-04T
 TM.3699-32006-01-04T
 TM.5276-32008-02-19T
 TM.6404-32009-02-24T